00000000nam 2200000zi 4500
0019.951132
003CaOODSP
00520250822074916
006m     o  d f      
007cr mn|||||||||
008250515e202506##onca    ob   f000 0 fre d
020 |a9780660773179
040 |aCaOODSP|bfre|erda|cCaOODSP
043 |an-cn---
045 |ay1y2
0861 |aHP5-262/2025F-PDF
24500|aÉvaluation du Programme de mesures et d'interventions d'urgence de 2019-2020 à 2023-2024 : |brapport définitif - octobre 2024 / |cpréparée par le Bureau de l'audit et de l'évaluation, Agence de la santé publique du Canada.
24613|aÉvaluation du Programme de mesures et d'interventions d'urgence de 2019-2020 à 2023-2024
264 1|aOttawa (Ontario) : |bAgence de la santé publique du Canada = Public Health Agency of Canada, |cjuin 2025.
264 4|c©2025
300 |a1 ressource en ligne (ix, 72 pages) : |billustrations en couleur
336 |atexte|btxt|2rdacontent/fre
337 |ainformatique|bc|2rdamedia/fre
338 |aressource en ligne|bcr|2rdacarrier/fre
500 |aPublié aussi en anglais sous le titre : Evaluation of the Emergency Preparedness and Response Program 2019-20 to 2023-24: final report - October 2024.
500 |aTitre de la couverture.
500 |a« Pub. : 250056 » -- Page i.
504 |aComprend des références bibliographiques (page 72).
61026|aAgence de santé publique du Canada|xÉvaluation.
650 6|aGestion des situations d'urgence|zCanada|xÉvaluation.
7102 |aAgence de santé publique du Canada. |bBureau de l'audit et de l'évaluation, |eorganisme de publication.
77508|tEvaluation of the Emergency Preparedness and Response Program 2019-20 to 2023-24 : |w(CaOODSP)9.951130
85640|qPDF|s1.61 Mo|uhttps://publications.gc.ca/collections/collection_2025/aspc-phac/HP5-262-2025-fra.pdf
8564 |qHTML|sS.O.|uhttps://www.canada.ca/fr/sante-publique/organisation/transparence/rapports-gestion/evaluation/programme-mesures-interventions-urgence-2019-2020-2023-2024.html
986 |a250056